000 00592nam a2200229Ia 4500
003 OSt
005 20220928105002.0
006 a|||||r|||| 00| 0
007 ta
008 220927b |||||||| |||| 00| 0 eng d
024 _a25332
037 _cTextual
040 _aSDCL
_cSDCL
_beng
041 _2eng
_aeng
082 _aO15,2:gxD95,1, P0
100 _aDhananjai
_9413179
245 0 _aDasrupkam.
260 _aVaranasi
_bBhartiya Vidya Sansthan
_c2000
300 _a320p.
_ccm.
942 _hO15,2:gxD95,1, P0
_cTEXL
_2CC
999 _c728950
_d728950